000 00847nam a2200253Ia 4500
003 OSt
005 20220926025936.0
006 a|||||r|||| 00| 0
007 ta
008 220923b |||||||| |||| 00| 0 eng d
020 _a9264196897
_c4191.46
037 _b1798, 31/08/2006, P.T. BOOKS INTERNATIONAL
_cGeneral Book
040 _aRTL
_cRTL
_beng
041 _2eng
_aeng
082 _aY9(X:99T):582, P2
110 _aOrganisation for Economic Co-operation and Development
_942504
245 0 _aInternational mobility of highly skilled
260 _aParis
_bOECD
_c2002
300 _a348p
_ccm.
650 _aSociology
700 _aOrganisation for Economic Co-operation and Development
_942505
942 _hY9(X:99T):582, P2
_cGB
_2CC
999 _c648249
_d648249